| Tag |
First Indicator |
Second Indicator |
Subfields |
| LEADER |
00000cam a2200000 4500 |
| 001 |
in00000037335 |
| 005 |
20151007072326.0 |
| 008 |
711220s1964 nyua b 00000 eng u |
| 010 |
|
|
|a 63023242
|
| 035 |
|
|
|a (OCoLC)00185345
|
| 035 |
|
|
|9 AAE7667AM
|
| 040 |
|
|
|c OUN
|d CHS
|d TXA
|d UtOrBLW
|
| 049 |
|
|
|a TXAM
|c 1 [406373]
|c 2 [406374]
|
| 050 |
|
0 |
|a SD396
|b .Z5 1964
|
| 092 |
|
|
|a 582
|b Z75f, 1963
|
| 100 |
1 |
|
|a Zimmermann, Martin Huldrych,
|d 1926-
|
| 245 |
1 |
4 |
|a The formation of wood in forest trees ;
|b the second symposium held under the auspices of the Maria Moors Cabot Foundation for Botanical Research, Harvard Forest, April, 1963.
|
| 264 |
|
1 |
|a New York :
|b Academic Press,
|c 1964.
|
| 300 |
|
|
|a xv, 562 pages :
|b illustrations, diagrams, tables. ;
|c 24 cm.
|
| 336 |
|
|
|a text
|b txt
|2 rdacontent
|
| 337 |
|
|
|a unmediated
|b n
|2 rdamedia
|
| 338 |
|
|
|a volume
|b nc
|2 rdacarrier
|
| 504 |
|
|
|a Includes bibliographies.
|
| 650 |
|
0 |
|a Cambium
|x Congresses.
|
| 650 |
|
0 |
|a Trees
|x Physiology
|x Congresses.
|
| 710 |
2 |
|
|a Harvard University.
|b Maria Moors Cabot Foundation for Botanical Research.
|
| 711 |
2 |
|
|a Symposium on the Formation of Wood in Forest Trees.
|
| 999 |
|
|
|a MARS
|
| 999 |
f |
f |
|s 1acaf5f7-872e-3346-8897-c9bebead3f94
|i d769a258-6af6-3a37-8d07-1701f18ae54b
|t 0
|
| 952 |
f |
f |
|p ric
|a Texas A&M University
|b Rellis Campus
|c Joint Library Facility
|d Remote Storage
|t 0
|e SD396 .Z5 1964
|h Library of Congress classification
|i unmediated -- volume
|m A14800994484
|
| 998 |
f |
f |
|a SD396 .Z5 1964
|t 0
|l Remote Storage
|